000 00333nam a22001457a 4500
008 221104b ||||| |||| 00| 0 eng d
020 _a6529011
041 _aeng
080 _2VOLUME1
_a521
082 _a521DES
100 _a19.1
101 _aASTRO
245 _aASTROPHYSICS AND GENERAL RELATIVITY
_cDESER CH
942 _2udc
_cBK
999 _c58748
_d58748